|
|
|
|
| LEADER |
00742nam a2200217 a 4500 |
| 001 |
c000008077 |
| 003 |
CARM |
| 005 |
00000000000000.0 |
| 008 |
851119s1935 xna 00000 eng d |
| 019 |
1 |
|
|a 4188696
|z 64963839
|5 LACONCORD2021
|
| 035 |
|
|
|a (OCoLC)13402529
|5 LACONCORD2021
|
| 040 |
|
|
|d NU
|
| 042 |
|
|
|a anuc
|
| 100 |
1 |
|
|a Hatfield, William,
|d 1892-1969.
|
| 245 |
1 |
0 |
|a Black waterlily /
|c by William Hatfield.
|
| 260 |
|
|
|a Sydney :
|b Angus & Robertson,
|c 1935.
|
| 300 |
|
|
|a 280 p.
|
| 852 |
8 |
|
|b CARM
|h A2:AH07G0
|i A01890
|p 0133278
|f BK
|
| 082 |
0 |
4 |
|a A823.2
|
| 999 |
f |
f |
|i b30c5587-b6b6-5d7d-a8b6-58cf233906c7
|s 56db1d37-ccf9-508b-a960-e73461110a51
|
| 952 |
f |
f |
|p Can circulate
|a CAVAL
|b CAVAL
|c CAVAL
|d CARM 1 Store
|e A01890
|f A2:AH07G0
|h Other scheme
|i book
|m 0133278
|